000 00873nam a2200205Ia 4500
003 Ost
005 20260507075636.0
008 260507s9999||||xx |||||||||||||| ||und||
040 _cfsecg
041 _aara
082 _a330
100 _aدراز، حامد عبد المجيد
_eمؤلف
245 0 _aمبادئ الإقتصاد العام /
_c حامد عبد المجيد دراز
260 _aالإسكندرية:
_bمركز الإسكندرية للكتاب,
_c2002
300 _a652 صفحة؛
_bإيضاحات ؛
_c24 سم
520 _aمدخل لدراسة علم الإقتصاد العام- نظرية المالية العامة- مصادر الإيرادات- الضرائب- القروض العامة- نفقات الدولة- ميزانية الدولة
653 _aالإقتصاد
653 _aالإقتصاد العام
942 _cكتاب
999 _c45309
_d45309